| 000 | 01109nam a22002897a 4500 | ||
|---|---|---|---|
| 003 | URS | ||
| 005 | 20240416181523.0 | ||
| 008 | 240203b |||||||| |||| 00| 0 eng d | ||
| 100 |
_aTolentino, Licel Andrei B. _eauthor |
||
| 245 |
_aUniversity of Rizal System BInangonan Graduate School Portal _cLicel Andrei B. Tolentino and 4 others. |
||
| 260 | _c2023 | ||
| 300 |
_axii, 111 leaves _c28 cm. |
||
| 336 |
_2rdacontent _atext |
||
| 337 |
_2rdamedia _aunmediated |
||
| 338 |
_2rdacarrier _avolume |
||
| 500 | _aUndergraduate Thesis | ||
| 502 |
_bBachelor of Science in Information Technology _cUniversity of Rizal System, Binangonan _dUniversity of Rizal System |
||
| 504 | _aIncludes bibliographical references. | ||
| 700 |
_aTolentino, Licel Andrei B. _eauthor |
||
| 700 |
_aLeaƱo, Jheremy V. _eauthor |
||
| 700 |
_aTorres, John Luis S. _eauthor |
||
| 700 |
_aVilla, Rachel Joy D. _eauthor |
||
| 700 |
_aVillarin, Rea Geramie L. _eauthor |
||
| 700 |
_aAlking P. Sunga, MSIT _eadviser |
||
| 856 |
_3Online Request for Student Unpublished Works _uhttps://forms.gle/7LqvGGkaDrUQqz429 |
||
| 942 |
_2lcc _cT |
||
| 999 |
_c74043 _d74042 |
||